000 00605nam a2200229Ia 4500
003 OSt
005 20221005101655.0
006 a|||||r|||| 00| 0
007 ta
008 221004b |||||||| |||| 00| 0 san d
024 _a57976
037 _cTextual
040 _aCRL
_cCRL
_bsan
041 _2san
_asan
082 _aP, 32K2
100 _aRaja K Kunjunni Raja Au.
_9622500
245 0 _aBhashagaveshanam
260 _aTrichur
_bThe mangalodayam India
_c1962
650 _aLINGUISTICS
942 _hP, 32K2
_cTEXL
_2cc
999 _c1007168
_d1007168